[Event "Kiel op-B 26th"]
[Site "Kiel"]
[Date "2013.08.02"]
[Round "8"]
[White "Boyens, Alexander"]
[Black "Maass, Ralf"]
[Result "1/2-1/2"]
[WhiteElo "1027"]
[BlackElo "1281"]
[PlyCount "33"]
[EventDate "2013.07.27"]
[EventType "swiss"]
[EventRounds "9"]
[EventCountry "GER"]
[SourceTitle "EXT 2018"]
[Source "ChessBase"]
[SourceDate "2017.10.13"]
[SourceVersion "1"]
[SourceVersionDate "2017.10.13"]
[SourceQuality "1"]

1. c4 c5 2. Nc3 Nf6 3. e3 e6 4. Nge2 d6 5. d4 Nbd7 6. d5 Nb6 7. b3 Be7 8. e4 Ng4 9. h3 Ne5 10. Bf4 Nbd7 11. Nc1 Bg5 12. Bxe5 Nxe5 13. Nd3 Nxd3+ 14. Qxd3 Bf6 15. Rc1 a6 16. f4 Qa5 17. g4 1/2-1/2

[Event "Kiel op-B 26th"]
[Site "Kiel"]
[Date "2013.07.27"]
[Round "2"]
[White "Spreu, Joerg"]
[Black "Boyens, Alexander"]
[Result "1/2-1/2"]
[WhiteElo "1399"]
[BlackElo "1027"]
[PlyCount "69"]
[EventDate "2013.07.27"]
[EventType "swiss"]
[EventRounds "9"]
[EventCountry "GER"]
[SourceTitle "EXT 2018"]
[Source "ChessBase"]
[SourceDate "2017.10.13"]
[SourceVersion "1"]
[SourceVersionDate "2017.10.13"]
[SourceQuality "1"]

1. e4 c5 2. Nf3 Nc6 3. d4 cxd4 4. Nxd4 g6 5. c4 Bg7 6. Nxc6 bxc6 7. Qc2 Qa5+ 8. Bd2 Qb6 9. Bc3 Bd4 10. Bxd4 Qxd4 11. Bd3 Nf6 12. Nc3 Ba6 13. Ne2 Qe5 14. Qc3 Qe6 15. 0-0 0-0 16. e5 Ng4 17. Nf4 Qxe5 18. Qxe5 Nxe5 19. Rfe1 Nxd3 20. Nxd3 Bxc4 21. Ne5 Bd5 22. Nxd7 Rfd8 23. Rxe7 Be6 24. Nc5 Kf8 25. Nxe6+ Kxe7 26. Nxd8 Rxd8 27. Re1+ Kd6 28. Rd1+ Ke7 29. Rxd8 Kxd8 30. f4 Ke7 31. Kf2 Kf6 32. g4 h5 33. h3 hxg4 34. hxg4 g5 35. Ke3 1/2-1/2